000 00283nam a22001097a 4500
008 170124b xxu||||| |||| 00| 0 eng d
020 _a9789380108483
041 _aeng
080 _a618.2
245 _aNURSING INFORMATICSAND THE FOUNDATION OF KNOWLEDGE
_cMCGONIGLE, D
942 _2udc
_cBK
999 _c3431
_d3431